000
00254nam a2200097Ia 4500
001
644272
005
20250826153601.0
008
250824s9999 xx 000 0 und d
245
0
_a
İNCİR TADINDA İYİLİK ÖYKÜLERİ
_c
DERLEME
260
_b
TİMAŞ KÜLTÜR
999
_c
644272
_d
644272